000 01174nam0a2200361 4500
001 RU\NLR\bibl\397454
005 20250622162708.0
010 _a5-901518-10-1
_91500
021 _aRU
_b2003-12632
_9582
035 _a(NLR Aleph) 000391672
090 _a519544
_c519544
100 _a20030425d2003 |||y0rusy50 ca
101 1 _arus
_ceng
102 _aRU
105 _aa |||||||||
200 1 _aЧудеса лечения праной
_e[Пер. с англ.]
_fЧо Кок Суй
_g[Авт. предисл. Э. Б. Робинс]
210 _aМ.
_cКравчук
_d2003
215 _a247 с.
_cил.
_d20
606 0 _aБиоэнергетика
_xЛечебное применение
_91157057
_3RU\NLR\auth\66144407
610 0 _aБиоэнергетика
610 0 _aБолезни - Лечение
610 0 _aМедицина народная
675 _a615.89
_v3
_zrus
686 _a76.29
_2rugasnti
686 _a53.59
_2rubbk
686 _aР358.9
700 1 _aЧо Кок Суй
_4070
801 0 _aRU
_bRKP
_c20030425
_gPSBO
801 1 _aRU
_bRKP
_c20030425
801 2 _aRU
_bNLR
_c20030529
_grcr
942 _cBOOK
980 _aNB